000 00416nam a2200145Ia 4500
008 230917s9999||||xx |||||||||||||| ||und||
040 _e19452
_aMAIN
041 _aEnglish
082 _a330.9 I8G:B
100 _aGhai, D P
245 0 _aBasic needs approach to development: Some issues regarding concepts and methodology
260 _aGeneva
_bInternational labour office
_c1980
300 _av,113 p.
942 _cBK
999 _c45250
_d45250